|
|
|
|
| LEADER |
00000nab a2200000 a 4500 |
| 001 |
vtls000569010 |
| 003 |
SK-MaSNL |
| 005 |
20260327135049.0 |
| 008 |
150501c1995 xo 0 slo |
| 015 |
|
|
|a SNBRB19rr/mm-uuuuu
|
| 035 |
|
|
|a CL0569148
|
| 040 |
|
|
|a SNKBUCL
|b slo
|c SNKBUCL
|e AACR2
|
| 041 |
0 |
|
|a slo
|
| 044 |
|
|
|a xo
|c SK
|
| 080 |
|
|
|a 658.15(437.6)
|2 1981
|
| 100 |
1 |
|
|a Šnircová, Jana,
|d 1971-
|4 aut
|9 1635765
|
| 245 |
1 |
0 |
|a Keď z jednej koruny je iba dvadsať halierový zisk
|b Solventnosť - alfa a omega dobrého mena firmy zlyháva
|c Jana Šnircová
|
| 300 |
|
|
|b Fotogr. 1
|
| 650 |
0 |
7 |
|a podniky
|2 snkbucl
|9 923
|
| 655 |
|
7 |
|a články z novín a časopisov
|2 snkbucl
|9 267496
|
| 773 |
0 |
|
|t Slovenský profit
|g Roč. 3, č. 49 (1995), s. 10
|
| 850 |
|
|
|a Slovenská národná knižnica v Martine
|a MTA001
|
| 852 |
|
|
|a SNK
|b KIS3GCP
|
| 958 |
|
|
|a RK
|
| 958 |
|
|
|a SK
|
| 992 |
|
|
|a RBX
|
| 999 |
|
|
|c 2618656
|d 2620586
|